[Event "El Vendrell op 4th"]
[Site "El Vendrell"]
[Date "2024.07.13"]
[Round "9"]
[White "Webb, Laurence"]
[Black "Ye, Lingfeng"]
[Result "1-0"]
[WhiteElo "2149"]
[BlackElo "1867"]
[PlyCount "55"]
[EventDate "2024.07.13"]
[EventType "swiss"]
[EventRounds "9"]
[EventCountry "ESP"]
[SourceTitle "CB30_2024"]
[SourceDate "2024.07.24"]
[SourceVersion "1"]
[SourceVersionDate "2024.07.24"]
[SourceQuality "1"]

1. d4 d5 2. c4 dxc4 3. Nf3 e6 4. e4 Nf6 5. e5 Nd5 6. Bxc4 Bb4+ 7. Bd2 Bxd2+ 8. Qxd2 0-0 9. 0-0 Nc6 10. Nc3 Nce7 11. Rac1 b6 12. Bxd5 Nxd5 13. Nxd5 exd5 14. Qc3 Bg4 15. Qxc7 Bxf3 16. Qxd8 Rfxd8 17. gxf3 Rac8 18. f4 f6 19. Kg2 Kf7 20. f5 fxe5 21. dxe5 g6 22. fxg6+ hxg6 23. f4 Ke6 24. Kf3 Rxc1 25. Rxc1 Kf5 26. Rc6 Rf8 27. h4 b5 28. Rd6 1-0

[Event "El Vendrell op 4th"]
[Site "El Vendrell"]
[Date "2024.07.13"]
[Round "2"]
[White "Ye, Lingfeng"]
[Black "Esplugas Esteve, Vicenc"]
[Result "0-1"]
[WhiteElo "1867"]
[BlackElo "2305"]
[PlyCount "118"]
[EventDate "2024.07.13"]
[EventType "swiss"]
[EventRounds "9"]
[EventCountry "ESP"]
[SourceTitle "CB30_2024"]
[SourceDate "2024.07.24"]
[SourceVersion "1"]
[SourceVersionDate "2024.07.24"]
[SourceQuality "1"]

1. e4 e6 2. Nc3 d5 3. d4 Bb4 4. exd5 exd5 5. Bd2 Nf6 6. Bb5+ c6 7. Ba4 0-0 8. Nge2 a5 9. a3 Bd6 10. 0-0 Qc7 11. g3 Bh3 12. Re1 Bg4 13. Be3 Qc8 14. Qd3 b5 15. Bb3 Na6 16. Bf4 Be7 17. Be5 Bf5 18. Qf3 Qd7 19. Nf4 a4 20. Ba2 Bxc2 21. Rac1 Bf5 22. Bb1 Bxb1 23. Rxb1 Rfe8 24. Nh5 Nxh5 25. Qxh5 Bf8 26. b3 axb3 27. Rxb3 f6 28. f4 fxe5 29. fxe5 Nc7 30. Ne2 Ne6 31. Rf1 g6 32. Qg4 Bg7 33. Rbf3 Qa7 34. h4 Nxd4 35. Nxd4 Bxe5 36. Kh2 Qxd4 37. Qg5 Bg7 38. h5 Re2+ 39. Kh1 Qe4 40. h6 Bd4 41. Qf4 Qxf4 42. Rxf4 Bc5 43. Rf7 Re7 44. R7f6 Rd7 45. Rxc6 Bxa3 46. Rb6 Bf8 47. Rxb5 Bxh6 48. Rd1 d4 49. Rd3 Rc8 50. Rb4 Bg7 51. Kg2 Rc3 52. Rd2 d3 53. Rb8+ Kf7 54. Rf2+ Ke7 55. Rbb2 Bh6 56. Kh3 d2 57. Re2+ Kf7 58. Rbxd2 Rxd2 59. Rxd2 Bxd2 0-1